|
|
|
|
| LEADER |
00000cam a2200000 7i4500 |
| 001 |
0000002173 |
| 005 |
20030319.0 |
| 090 |
0 |
0 |
|a 634.9021
|b WAT 1989
|
| 100 |
1 |
0 |
|a WATTS
|h Martin
|
| 245 |
1 |
0 |
|a Individual tree volume equations for acacia mangium
|c technical report prepared by Martin Watts
|
| 260 |
0 |
0 |
|a Kuala Lumpur :
|b ASEAN Institute of Forest Management ,
|c 1989
|
| 300 |
|
|
|a Various pagings ;
|c 29 cm.
|
| 650 |
0 |
0 |
|a Forests and forestry
|
| 650 |
0 |
0 |
|a Mangium
|
| 710 |
1 |
1 |
|a ASEAN Institute of Forest Management (AIFM)
|
| 998 |
|
|
|a JPSM
|
| 999 |
|
|
|a 0000003699
|b Monograph
|c Open Shelf
|e Default branch
|
| 999 |
|
|
|a 0000003700
|b Monograph
|c Open Shelf
|e Default branch
|
| 999 |
|
|
|a 0000003701
|b Monograph
|c Open Shelf
|e Default branch
|
| 999 |
|
|
|a 0000003702
|b Monograph
|c Open Shelf
|e Default branch
|